Schaum's outline of theory and problems of strength of materials

Αποθηκεύτηκε σε:
Λεπτομέρειες βιβλιογραφικής εγγραφής
Κύριος συγγραφέας: Nash, William A.
Μορφή: Βιβλίο
Γλώσσα:English
Δημοσίευση: New York : McGraw-Hill, 1998
Έκδοση:4th ed.
Σειρά:Schaum's outline series
Θέματα:
Ετικέτες: Προσθήκη ετικέτας
Δεν υπάρχουν, Καταχωρήστε ετικέτα πρώτοι!

MARC

LEADER 00000cam a2200000 i 4500
001 1/56980
008 011212s1998 eng d
020 |a 0-07-046617-3 
035 |l 10000082 
040 |a GR-MY-UA  |b gre  |e aacr 
041 0 |a eng 
082 0 |a 620.112 
100 1 |a Nash, William A. 
245 1 0 |a Schaum's outline of theory and problems of strength of materials /  |c William A. Nash 
250 |a 4th ed. 
260 |a New York :   |b McGraw-Hill,   |c 1998 
300 |a vi, 474p.;  |c 27cm. 
490 1 |a Schaum's outline series 
504 |a Includes index 
650 0 0 |a Strength of materials  |v Problems, exercises, etc. 
650 0 0 |a Strength of materials  |x Outlines, syllabi, etc. 
830 0 |a Schaum's outline series 
852 |a INST  |b CHIOS  |e 20011212  |h 620.112 NAS  |p 005200020504  |q 005200020504  |t BK  |y 0 
852 |a INST  |b CHIOS  |e 20011212  |h 620.112 NAS  |p 005200020505  |q 005200020505  |t BK  |y 0 
852 |a INST  |b CHIOS  |e 20011212  |h 620.112 NAS  |p 005200020512  |q 005200020512  |t BK  |y 0 
852 |a INST  |b CHIOS  |e 20011212  |h 620.112 NAS  |p 005200020513  |q 005200020513  |t BK  |y 0 
901 |a BIBL2-2001-3 
909 |a Χ  |b 098501 
909 |a Χ  |b 098493 
909 |a Χ  |b 098494 
909 |a Χ  |b 098502 
970 |a ΠΟΥΛΑΚΗ  |b ΣΤΕΛΛΑ  |z 2001/12/12